000 01185cam a22003137a 4500
003 CHAP
005 20220329133321.0
008 971013s1991 r 00010 d
010 _a4826
011 _a5798
035 _a5014
040 _cCHAP
090 _aFolleto 13728
100 0 0 _aRuíz Figueroa, José Feliciano.
_9100875
245 0 _aAgricultura bio-intensiva sostenible en el minifundio mexicano
_b: una alternativa para la producción de alimentos y el manejo ecológico de suelos
_c/por José Feliciano Ruiz Figueroa
260 _aChapingo, Méx. :
_bUACH. Departamento de Suelos,
_c1991
300 _a78 p.
590 _aBATCH-UPD
_b10
_c20130110
_lUCH01
_h1138
590 _aBATCH-UPD
_b10
_c20130410
_lUCH01
_h0725
590 _aBATCH-UPD
_b10
_c20130913
_lUCH01
_h2229
590 _aCONVERSION
_b10
_c20130109
_lUCH01
_h1304
650 1 4 _aAgricultura orgánica.
_92005
901 _aBK
942 _cFOLL
949 _aFolleto 13728
_bBC
_cFOLL
_d50141
_eTS1
_i5014
_si
949 _aFolleto 13728
_bBC
_cFOLL
_d50143
_eTS2
_fc.3
_i5014
_sb
949 _aFolleto 13728
_bBC
_cFOLL
_d50144
_eTS2
_fc.4
_gDonaciØn
_i5014
_si
949 _aFolleto 13728
_bBC
_cUACH
_d50142
_eUACH
_fc.2
_i5014
_si
999 _c4826
_d4826